| 000 | 00366nam a2200145 a 4500 | ||
|---|---|---|---|
| 001 | 899 | ||
| 003 | CDMR | ||
| 005 | 20130116135159.0 | ||
| 008 | 130130s1988||||||||||||||||||||||||||||d | ||
| 040 |
_aCDMR _bcat _cCDMR |
||
| 100 | 1 |
_aAguirre, Marisa _9700 |
|
| 245 | 1 | 3 | _aEl deber de formación en el informador |
| 260 |
_aPamplona _c1988 _bUniversidad de Navarra |
||
| 942 | _cMON | ||
| 999 |
_c899 _d899 |
||